书目信息 |
| 题名: |
斯大林
|
|
| 作者: | 麦德维杰夫, , Медведев, , Медведев, , 麦德维杰夫, 著 ;王桂香 , 陈爱茹 , 刘显忠 译 | |
| 分册: | ||
| 出版信息: | 北京 新华出版社 2004.8 |
|
| 页数: | 342页 | |
| 开本: | 23cm | |
| 丛书名: | ||
| 单 册: | ||
| 中图分类: | A741 | |
| 科图分类: | ||
| 主题词: | ||
| 电子资源: | ||
| ISBN: | 7-5011-6732-X | |
| 000 | 01942nam0 2200361 45 | |
| 001 | 012004151647 | |
| 005 | 20061226111415.86 | |
| 010 | @a7-5011-6732-X@dCNY33.00 | |
| 100 | @a20041101d2004 em y0chiy0121 ea | |
| 101 | 1 | @achi@crus |
| 102 | @aCN@b110000 | |
| 105 | @ay z 000yb | |
| 200 | 1 | @a斯大林@Asi da lin@e鲜为人知的剖面@f(俄)罗伊·麦德维杰夫[Жорес Медведев], (俄)若列斯·麦德维杰夫[Рой Медведев Рой]著@g王桂香, 陈爱茹, 刘显忠译 |
| 210 | @a北京@c新华出版社@d2004.8 | |
| 215 | @a342页@d23cm | |
| 314 | @a若列斯·麦德维杰夫[Рой Медведев Рой], 拥有俄罗斯和英国双重国籍, 著名的生物化学家、老年学家和历史学家, 退休后成为自由学者从事政论和新闻活动。 | |
| 314 | @a王桂香, 女, 中国社会科学院俄罗斯东欧中亚研究所副研究员, 哲学副博士学位。 | |
| 314 | @a罗伊·麦德维杰夫[Жорес Медведев], 自由学者, 苏联人民代表, 苏共中央委员会委员, 自1991年起担任俄罗斯联邦社会主义劳工党两主席之一。 | |
| 330 | @a本书引用了近年来新解密的大量档案材料以及相关的最新书籍, 选取了众多的其他斯大林传记都不曾加以详细谈论的一系列事件进行分析。 | |
| 510 | 1 | @aНЕИЗВЕСТНЫЙ СТАЛИН@zrus |
| 517 | 1 | @a鲜为人知的剖面@Axian wei ren zhi de pou mian |
| 600 | 1 | @a斯大林,@Asi da lin@bJ. V.@g(Stalin, Joseph Vissarionovich),@f1879-1953@x评传 |
| 600 | 1 | @a斯大林,@Asi da lin@bJ. V.@g(Stalin, Joseph Vissarionovich),@f1879-1953 |
| 690 | @aA741@v4 | |
| 701 | 1 | @c(俄罗斯)@a麦德维杰夫,@Amai de wei jie fu@bЖ.@g(Медведев, Жорес)@4著 |
| 701 | 1 | @c(俄罗斯)@aМедведев,@bЖ.@g(Медведев, Жорес)@4著 |
| 701 | 1 | @c(俄罗斯)@aМедведев,@bР.@g(Медведев, Рой)@4著 |
| 701 | 1 | @c(俄罗斯)@a麦德维杰夫,@Amai de wei jie fu@bР.@g(Медведев, Рой)@4著 |
| 702 | 0 | @a王桂香@Awang gui xiang@c(女)@4译 |
| 702 | 0 | @a陈爱茹@Achen ai ru@4译 |
| 702 | 0 | @a刘显忠@Aliu xian zhong@4译 |
| 801 | 0 | @aCN@c20061226 |
| 905 | @a10447@dA741@eM270 | |
| 斯大林:鲜为人知的剖面/(俄)罗伊·麦德维杰夫[Жорес Медведев], (俄)若列斯·麦德维杰夫[Рой Медведев Рой]著/王桂香, 陈爱茹, 刘显忠译.-北京:新华出版社,2004.8 |
| 342页;23cm |
| ISBN 7-5011-6732-X:CNY33.00 |
| 本书引用了近年来新解密的大量档案材料以及相关的最新书籍, 选取了众多的其他斯大林传记都不曾加以详细谈论的一系列事件进行分析。 |
| ● |
| 相关链接 |
|
|
|
正题名:斯大林
索取号:A741/M270
 
预约/预借
| 序号 | 登录号 | 条形码 | 馆藏地/架位号 | 状态 | 备注 |
| 1 | 641529 | 206415299 | 社科库509/509社科库 2排3列2层/ [索取号:A741/M270] | 在馆 | |
| 2 | 641530 | 206415306 | 社科库509/509社科库 2排3列2层/ [索取号:A741/M270] | 在馆 | |
| 3 | 641531 | 206415315 | 社科库509/509社科库 2排3列2层/ [索取号:A741/M270] | 在馆 |